Entry Nombre personal
001 - NÚMERO DE CONTROL
- campo de control: 117645
003 - IDENTIFICADOR DE NÚMERO DE CONTROL
- campo de control: OSt
005 - FECHA Y HORA DE LA ÚLTIMA TRANSACCIÓN
- campo de control: 20240530130341.0
008 - ELEMENTOS DE DATO DE LONGITUD-FIJA
- campo de control de longitud fija: 041117 n acnnnaaan n ann d
040 ## - FUENTE DE CATALOGACIÓN
- Centro catalogador/agencia de origen: OSt
- Centro/agencia transcriptor: OSt
100 00 - ENCABEZAMIENTO-NOMBRE DE PERSONA
- Nombre de persona: Ynduráin, Domingo,
- Fechas asociadas al nombre: 1943-2003
400 00 - TRAZADO DE VÉASE--NOMBRE DE PERSONA
- Nombre de persona: Induráin, Domingo
400 00 - TRAZADO DE VÉASE--NOMBRE DE PERSONA
- Nombre de persona: Induráin M., Domingo
400 00 - TRAZADO DE VÉASE--NOMBRE DE PERSONA
- Nombre de persona: Ynduráin Muñoz, Domingo
